[Event "Kiev Chestnut Horse Final"]
[Site "Kiev"]
[Date "2025.04.06"]
[Round "5"]
[White "Pavlov, Sergey1"]
[Black "Budnikov, Oleg"]
[Result "0-1"]
[WhiteElo "2464"]
[BlackElo "2323"]
[PlyCount "64"]
[EventDate "2025.04.06"]
[EventType "tourn (rapid)"]
[EventRounds "11"]
[EventCountry "UKR"]
[EventCategory "2"]
[SourceTitle "CB15_2025"]
[SourceDate "2025.04.09"]
[SourceVersion "1"]
[SourceVersionDate "2025.04.09"]
[SourceQuality "1"]

1. Nf3 Nf6 2. c4 e6 3. g3 d5 4. Bg2 d4 5. 0-0 Nc6 6. d3 a5 7. e3 e5 8. exd4 exd4 9. Re1+ Be7 10. Na3 0-0 11. Nb5 Bb4 12. Re2 Bg4 13. h3 Bh5 14. g4 Bg6 15. Bf4 Rc8 16. Ne5 Nxe5 17. Bxe5 Nd7 18. Bxb7 Nxe5 19. Rxe5 Rb8 20. Bg2 c6 21. Bxc6 Qf6 22. a3 Qxe5 23. axb4 axb4 24. Qf3 Rb6 25. Ra7 Bxd3 26. Qxd3 Rxc6 27. Rd7 Qe1+ 28. Kg2 Rf6 29. Qxd4 Qe2 30. Nd6 Qf3+ 31. Kg1 Re6 32. Qd2 Re2 0-1

[Event "Kiev Chestnut Horse Final"]
[Site "Kiev"]
[Date "2025.04.06"]
[Round "7"]
[White "Tunyk, Vladyslav"]
[Black "Budnikov, Oleg"]
[Result "1/2-1/2"]
[WhiteElo "1917"]
[BlackElo "2323"]
[PlyCount "132"]
[EventDate "2025.04.06"]
[EventType "tourn (rapid)"]
[EventRounds "11"]
[EventCountry "UKR"]
[EventCategory "2"]
[SourceTitle "CB15_2025"]
[SourceDate "2025.04.09"]
[SourceVersion "1"]
[SourceVersionDate "2025.04.09"]
[SourceQuality "1"]

1. e4 c5 2. Nf3 e6 3. c3 d5 4. exd5 Qxd5 5. d4 Nf6 6. Be2 Nc6 7. 0-0 cxd4 8. cxd4 Be7 9. Nc3 Qd6 10. Bg5 0-0 11. Qd2 b6 12. Rfd1 Bb7 13. Rac1 Rac8 14. Qf4 Qxf4 15. Bxf4 Nb4 16. h3 Rfd8 17. a3 Nbd5 18. Nxd5 Nxd5 19. Bg3 f6 20. Bb5 Kf7 21. Re1 Rxc1 22. Rxc1 Bd6 23. Bxd6 Rxd6 24. Nd2 Rd8 25. Nb3 Ke7 26. Bc6 Bxc6 27. Rxc6 Kd7 28. Rc2 Rc8 29. Rxc8 Kxc8 30. g3 Kd7 31. Kf1 Kc6 32. Ke2 Kb5 33. Kd3 Ne7 34. Nd2 Kc6 35. Ne4 Nf5 36. Nc3 h5 37. Ne2 g5 38. h4 Nh6 39. Nc3 gxh4 40. gxh4 Kd7 41. Ne4 Ke7 42. Ng3 Kf7 43. Nxh5 Nf5 44. Nf4 Nxh4 45. Ke4 Ke7 46. Nd3 Kd6 47. Nb4 Ng6 48. Nc2 f5+ 49. Kd3 Nf4+ 50. Ke3 Nd5+ 51. Kd3 a5 52. Ne1 Nf4+ 53. Ke3 Ng6 54. Kd3 Kd5 55. Ng2 f4 56. f3 a4 57. Kc3 b5 58. Kd3 e5 59. dxe5 Kxe5 60. Kc3 Kd5 61. Kd3 Kc5 62. Kc3 b4+ 63. axb4+ Kb5 64. Ne1 Ne5 65. Ng2 Ng6 66. Ne1 Ne5 1/2-1/2

[Event "UKR-ch Rapid 92nd"]
[Site "Lvov"]
[Date "2024.12.23"]
[Round "9"]
[White "Budnikov, Oleg"]
[Black "Dehtiarov, Roman"]
[Result "0-1"]
[WhiteElo "2354"]
[BlackElo "2346"]
[PlyCount "148"]
[EventDate "2024.12.23"]
[EventType "swiss (rapid)"]
[EventRounds "9"]
[EventCountry "UKR"]
[SourceTitle "CB52_2024"]
[SourceDate "2024.12.25"]
[SourceVersion "1"]
[SourceVersionDate "2024.12.25"]
[SourceQuality "1"]

1. e4 e6 2. d4 d5 3. Nd2 Nf6 4. e5 Nfd7 5. c3 c5 6. f4 Nc6 7. Ndf3 Be7 8. g3 Qa5 9. Kf2 0-0 10. Bh3 Qb6 11. Kg2 a5 12. a4 cxd4 13. cxd4 Ndb8 14. Ne2 f6 15. Rf1 Na6 16. Nc3 Nab4 17. Be3 Bd7 18. Qd2 Rae8 19. exf6 Bxf6 20. Ne5 Bc8 21. Bg4 Ne7 22. Nb5 Nf5 23. Rac1 Bxe5 24. fxe5 Bd7 25. Bxf5 Bxb5 26. Bxe6+ Qxe6 27. axb5 Qg6 28. Kg1 Qe4 29. b6 Qg6 30. Qg2 Qxb6 31. Rxf8+ Rxf8 32. Rc5 Qg6 33. h4 Qd3 34. Rc3 Qd1+ 35. Kh2 h6 36. Rc7 Qd3 37. Bg1 b6 38. e6 Qf5 39. Qe2 Re8 40. e7 Qe4 41. Qxe4 dxe4 42. Rd7 Kf7 43. d5 Rxe7 44. Rxe7+ Kxe7 45. Bxb6 Nxd5 46. Bxa5 Kd6 47. Kg2 Kc5 48. Kf2 Kc4 49. Ke2 h5 50. Bc3 g6 51. Be5 Kb3 52. Kd2 Kc4 53. Bg7 Kb3 54. Be5 Kb4 55. Bd6+ Kb3 56. Be5 Kc4 57. Kc2 Nb4+ 58. Kd2 Nd5 59. Kc2 Ne3+ 60. Kd2 Nf5 61. Ke2 Kd5 62. Bf4 Kc4 63. Be5 Kb4 64. Kd2 Kb3 65. Ke2 Kc4 66. Kd2 e3+ 67. Ke2 Kd5 68. Bc3 Ke4 69. Be1 Nd4+ 70. Kd1 Kd3 71. b4 Nf3 72. b5 e2+ 73. Kc1 Nxe1 74. b6 Nc2 0-1

[Event "UKR-ch Rapid 92nd"]
[Site "Lvov"]
[Date "2024.12.23"]
[Round "7"]
[White "Budnikov, Oleg"]
[Black "Fishchuk, Vladyslav"]
[Result "0-1"]
[WhiteElo "2354"]
[BlackElo "2250"]
[PlyCount "118"]
[EventDate "2024.12.23"]
[EventType "swiss (rapid)"]
[EventRounds "9"]
[EventCountry "UKR"]
[SourceTitle "CB52_2024"]
[SourceDate "2024.12.25"]
[SourceVersion "1"]
[SourceVersionDate "2024.12.25"]
[SourceQuality "1"]

1. e4 e5 2. Nf3 Nc6 3. Bb5 a6 4. Bxc6 dxc6 5. Nc3 f6 6. d4 exd4 7. Nxd4 c5 8. Nde2 Bd6 9. Bf4 Ne7 10. Bxd6 cxd6 11. Qd2 Be6 12. 0-0-0 Nc8 13. Nf4 Bf7 14. Nfd5 0-0 15. f4 b5 16. Kb1 b4 17. Na4 Be8 18. b3 Bxa4 19. bxa4 Qa5 20. Nxf6+ Kh8 21. Nd7 Rd8 22. Ne5 Nb6 23. Nc6 Qxa4 24. Nxd8 Rxd8 25. Qd3 Qa5 26. Ka1 Na4 27. Qc4 Nc3 28. Rd3 Rb8 29. Rxc3 bxc3 30. Rb1 Rxb1+ 31. Kxb1 h6 32. e5 dxe5 33. fxe5 Kh7 34. Kc1 Kg6 35. Qg4+ Kf7 36. Qd7+ Kg6 37. Qe6+ Kh7 38. Qd5 Qa3+ 39. Kd1 Qb4 40. Ke2 Qg4+ 41. Ke3 Qg5+ 42. Ke2 Qg4+ 43. Ke1 Qh4+ 44. g3 Qxh2 45. Qd3+ Kg8 46. Qxc3 Qg1+ 47. Kd2 Qf2+ 48. Kc1 Qf1+ 49. Kb2 Qb5+ 50. Ka3 a5 51. Qb3+ Qxb3+ 52. Kxb3 h5 53. Kc4 g5 54. Kd5 Kf7 55. Kd6 Ke8 56. Kd5 Ke7 57. Ke4 Ke6 58. c4 h4 59. gxh4 gxh4 0-1

[Event "UKR-ch Rapid 92nd"]
[Site "Lvov"]
[Date "2024.12.23"]
[Round "4"]
[White "Sidorika, Vladislav"]
[Black "Budnikov, Oleg"]
[Result "1-0"]
[WhiteElo "2302"]
[BlackElo "2354"]
[PlyCount "59"]
[EventDate "2024.12.23"]
[EventType "swiss (rapid)"]
[EventRounds "9"]
[EventCountry "UKR"]
[SourceTitle "CB52_2024"]
[SourceDate "2024.12.25"]
[SourceVersion "1"]
[SourceVersionDate "2024.12.25"]
[SourceQuality "1"]

1. g3 d5 2. Nf3 Nf6 3. Bg2 c6 4. c4 e6 5. 0-0 Be7 6. b3 a5 7. a3 0-0 8. Bb2 b6 9. d4 Ba6 10. Nbd2 Nbd7 11. Re1 Rc8 12. e4 c5 13. exd5 exd5 14. Rc1 Re8 15. cxd5 Nxd5 16. Ne5 N7f6 17. Ne4 Nxe4 18. Bxe4 Nf6 19. Bc6 Rf8 20. Bg2 Bd6 21. Nc6 Qc7 22. dxc5 bxc5 23. Bxf6 gxf6 24. Qh5 Kg7 25. Nd4 Be5 26. Nf5+ Kh8 27. Re4 Rg8 28. Rh4 Rg7 29. Nxg7 Kxg7 30. Qh6+ 1-0

[Event "UKR-ch Blitz 92nd"]
[Site "Lvov"]
[Date "2024.12.22"]
[Round "10"]
[White "Budnikov, Oleg"]
[Black "Domin, Yan"]
[Result "1/2-1/2"]
[WhiteElo "2354"]
[BlackElo "2145"]
[PlyCount "83"]
[EventDate "2024.12.22"]
[EventType "swiss (blitz)"]
[EventRounds "11"]
[EventCountry "UKR"]
[SourceTitle "CB52_2024"]
[SourceDate "2024.12.25"]
[SourceVersion "1"]
[SourceVersionDate "2024.12.25"]
[SourceQuality "1"]

1. d4 Nf6 2. c4 g6 3. Nc3 d5 4. cxd5 Nxd5 5. e4 Nxc3 6. bxc3 Bg7 7. Nf3 c5 8. Be3 Qa5 9. Qd2 Nc6 10. Rc1 cxd4 11. cxd4 Qxd2+ 12. Kxd2 0-0 13. d5 Rd8 14. Ke1 Na5 15. Bg5 Bd7 16. Bd3 f5 17. e5 Be8 18. d6 Rdc8 19. Ke2 exd6 20. exd6 Bf8 21. Bf4 Rd8 22. Rhd1 Bxd6 23. Bxd6 Rxd6 24. Rc5 Re6+ 25. Ne5 b6 26. Rxa5 bxa5 27. Bc4 Bf7 28. Bxe6 Bxe6 29. a3 Rb8 30. Rd6 Rb6 31. Rd8+ Kg7 32. Ra8 Kf6 33. f4 Rb2+ 34. Kf1 g5 35. g3 gxf4 36. gxf4 Rxh2 37. Rxa7 Rh4 38. Rxa5 Rxf4+ 39. Kg2 Re4 40. Nf3 Re2+ 41. Kg3 h5 42. Ra6 1/2-1/2

[Event "UKR-ch Blitz 92nd"]
[Site "Lvov"]
[Date "2024.12.22"]
[Round "11"]
[White "Fishchuk, Vladyslav"]
[Black "Budnikov, Oleg"]
[Result "0-1"]
[WhiteElo "2250"]
[BlackElo "2354"]
[PlyCount "80"]
[EventDate "2024.12.22"]
[EventType "swiss (blitz)"]
[EventRounds "11"]
[EventCountry "UKR"]
[SourceTitle "CB52_2024"]
[SourceDate "2024.12.25"]
[SourceVersion "1"]
[SourceVersionDate "2024.12.25"]
[SourceQuality "1"]

1. Nc3 Nf6 2. e4 d6 3. d4 g6 4. f4 Bg7 5. Nf3 c5 6. dxc5 Qa5 7. Qd3 Qxc5 8. Qb5+ Nbd7 9. Be2 a6 10. Qd3 b5 11. Be3 Qc7 12. h3 Nc5 13. Qd4 0-0 14. e5 Nfd7 15. Nd5 Qd8 16. 0-0-0 Bb7 17. h4 Rc8 18. h5 Ne6 19. Qd2 dxe5 20. hxg6 fxg6 21. fxe5 Nxe5 22. Nxe5 Bxe5 23. Bf3 Rf7 24. Kb1 Qf8 25. Bg4 Rc6 26. Bh6 Bg7 27. Rhe1 Bxh6 28. Qe2 Bc8 29. Rf1 Nf4 30. Nxf4 Bxg4 31. Qxg4 Bxf4 32. Qd7 Rd6 33. Rxd6 Bxd6 34. Rd1 Rf1 35. Qe6+ Kg7 36. Qd5 Rxd1+ 37. Qxd1 Qf2 38. a4 bxa4 39. Qd5 Qf1+ 40. Ka2 Qf7 0-1

[Event "Kiev All Ukranian 2nd"]
[Site "Kiev"]
[Date "2024.06.30"]
[Round "8"]
[White "Budnikov, Oleg"]
[Black "Lozynskyi, Bohdan"]
[Result "1-0"]
[WhiteElo "2364"]
[BlackElo "2075"]
[PlyCount "137"]
[EventDate "2024.06.30"]
[EventType "swiss (rapid)"]
[EventRounds "9"]
[EventCountry "UKR"]
[SourceTitle "CBM 220 Extra"]
[Source "ChessBase"]
[SourceDate "2024.07.31"]
[SourceVersion "1"]
[SourceVersionDate "2024.07.31"]
[SourceQuality "1"]

1. e4 c5 2. Nf3 e6 3. d4 cxd4 4. Nxd4 a6 5. c4 Nc6 6. Nc3 Nf6 7. Nxc6 dxc6 8. Qxd8+ Kxd8 9. Bf4 Bb4 10. 0-0-0+ Ke7 11. f3 Rd8 12. Be2 Rxd1+ 13. Rxd1 Ne8 14. Na4 Ba5 15. b4 Bc7 16. Bxc7 Nxc7 17. Nb6 Rb8 18. e5 Na8 19. Na4 f6 20. f4 b5 21. cxb5 cxb5 22. Nc5 Nb6 23. g3 Nd7 24. Rd6 Nxc5 25. bxc5 Bd7 26. c6 Be8 27. Bg4 f5 28. Bf3 Rd8 29. c7 Rc8 30. Rxa6 Rxc7+ 31. Kb2 g5 32. Be2 gxf4 33. gxf4 Bc6 34. Rb6 Be4 35. Bxb5 Rc2+ 36. Kb3 Rxh2 37. Bc4 Bd5 38. Bxd5 exd5 39. Rf6 h5 40. Rxf5 h4 41. Rh5 h3 42. f5 Re2 43. Rh7+ Kf8 44. Rxh3 Rxe5 45. Rf3 Kf7 46. a4 Re1 47. a5 Ra1 48. Kb4 Kf6 49. Ra3 Rb1+ 50. Kc5 Ke5 51. a6 Rb8 52. a7 Ra8 53. f6 d4 54. f7 Ke4 55. Ra4 Ke3 56. Rxd4 Rc8+ 57. Kb6 Kxd4 58. Kb7 Rf8 59. a8Q Rxf7+ 60. Kc6 Rf6+ 61. Kd7 Ke5 62. Qa1+ Kf5 63. Ke7 Re6+ 64. Kf7 Re5 65. Qd4 Re4 66. Qd3 Ke5 67. Ke7 Rd4 68. Qe3+ Kd5 69. Kd7 1-0

[Event "Kiev All Ukranian 2nd"]
[Site "Kiev"]
[Date "2024.06.30"]
[Round "7"]
[White "Garsky, Vladyslav"]
[Black "Budnikov, Oleg"]
[Result "0-1"]
[WhiteElo "2137"]
[BlackElo "2364"]
[PlyCount "36"]
[EventDate "2024.06.30"]
[EventType "swiss (rapid)"]
[EventRounds "9"]
[EventCountry "UKR"]
[SourceTitle "CBM 220 Extra"]
[Source "ChessBase"]
[SourceDate "2024.07.31"]
[SourceVersion "1"]
[SourceVersionDate "2024.07.31"]
[SourceQuality "1"]

1. e4 g6 2. d4 d6 3. Bd3 Bg7 4. c3 Nc6 5. Nf3 e5 6. Be3 Nf6 7. dxe5 dxe5 8. h3 0-0 9. Qe2 Qe7 10. Nbd2 Nh5 11. 0-0-0 a5 12. Bc4 a4 13. a3 Na5 14. Ba2 Be6 15. Bxe6 Qxe6 16. Kb1 Qc6 17. Ne1 Nb3 18. f3 Ng3 0-1

[Event "Malakhatko Memorial op"]
[Site "Chess.com INT"]
[Date "2023.06.14"]
[Round "9"]
[White "Budnikov, Oleg"]
[Black "Stets, Vasilij"]
[Result "1-0"]
[WhiteElo "2381"]
[BlackElo "2200"]
[PlyCount "61"]
[EventDate "2023.06.14"]
[EventType "swiss (blitz)"]
[EventRounds "11"]
[EventCountry "USA"]
[SourceTitle "CBM 214 Extra"]
[Source "ChessBase"]
[SourceDate "2023.07.31"]
[SourceVersion "1"]
[SourceVersionDate "2023.07.31"]
[SourceQuality "1"]

1. e4 c5 2. Nf3 Nc6 3. d4 cxd4 4. c3 d3 5. Bxd3 d5 6. exd5 Qxd5 7. Qe2 Nf6 8. 0-0 Bg4 9. Nbd2 e6 10. b4 Be7 11. a3 0-0 12. c4 Qd7 13. Bb2 Rad8 14. Bc2 Qc8 15. Ne4 Nxe4 16. Bxe4 Nd4 17. Bxd4 Rxd4 18. c5 Bf6 19. Rad1 Rfd8 20. Rxd4 Rxd4 21. Qc2 Bxf3 22. Bxf3 Qd7 23. g3 g6 24. Kg2 Rd2 25. Qc4 Rd4 26. Qc2 Rd2 27. Qe4 b6 28. c6 Qd6 29. Rc1 Bd4 30. c7 Rxf2+ 31. Kh3 1-0

[Event "Malakhatko Memorial op"]
[Site "Chess.com INT"]
[Date "2023.06.14"]
[Round "8"]
[White "Bunda, Viktor"]
[Black "Budnikov, Oleg"]
[Result "0-1"]
[WhiteElo "2245"]
[BlackElo "2381"]
[PlyCount "40"]
[EventDate "2023.06.14"]
[EventType "swiss (blitz)"]
[EventRounds "11"]
[EventCountry "USA"]
[SourceTitle "CBM 214 Extra"]
[Source "ChessBase"]
[SourceDate "2023.07.31"]
[SourceVersion "1"]
[SourceVersionDate "2023.07.31"]
[SourceQuality "1"]

1. d4 e6 2. c4 b6 3. a3 Bb7 4. Nc3 Nf6 5. f3 d5 6. cxd5 exd5 7. Bg5 Be7 8. e3 0-0 9. Bd3 c5 10. Nge2 Re8 11. 0-0 Nc6 12. Rc1 Rc8 13. Bb5 a6 14. Bxc6 Bxc6 15. Nf4 h6 16. Bxf6 Bxf6 17. dxc5 d4 18. exd4 Bxd4+ 19. Kh1 Be3 20. Qxd8 Rexd8 0-1

[Event "Kiev Blitz Marathon"]
[Site "Kiev"]
[Date "2023.04.23"]
[Round "18"]
[White "Budnikov, Oleg"]
[Black "Kovalenko, Nazarii"]
[Result "1-0"]
[WhiteElo "2393"]
[BlackElo "1783"]
[PlyCount "53"]
[EventDate "2023.04.22"]
[EventType "tourn (blitz)"]
[EventRounds "54"]
[EventCountry "UKR"]
[SourceTitle "CBM 213 Extra"]
[Source "ChessBase"]
[SourceDate "2023.05.31"]
[SourceVersion "1"]
[SourceVersionDate "2023.05.31"]
[SourceQuality "1"]

1. e4 e6 2. d4 d5 3. Nd2 c5 4. Ngf3 Nc6 5. Bb5 cxd4 6. Nxd4 Qb6 7. exd5 exd5 8. N2b3 a6 9. Bxc6+ bxc6 10. 0-0 c5 11. Re1+ Be7 12. Nf5 Bxf5 13. Qxd5 Rd8 14. Qxf5 c4 15. Nd2 Qg6 16. Qxg6 hxg6 17. Nxc4 Nf6 18. Bf4 Kf8 19. Rad1 Rh5 20. Rxd8+ Bxd8 21. b3 Rf5 22. g3 g5 23. Be5 Be7 24. Kg2 Bc5 25. f3 Nd5 26. Bd6+ Bxd6 27. Nxd6 1-0

[Event "Kiev Blitz Marathon"]
[Site "Kiev"]
[Date "2023.04.23"]
[Round "22"]
[White "Kazarin, Yuri"]
[Black "Budnikov, Oleg"]
[Result "0-1"]
[WhiteElo "1799"]
[BlackElo "2393"]
[PlyCount "70"]
[EventDate "2023.04.22"]
[EventType "tourn (blitz)"]
[EventRounds "54"]
[EventCountry "UKR"]
[SourceTitle "CBM 213 Extra"]
[Source "ChessBase"]
[SourceDate "2023.05.31"]
[SourceVersion "1"]
[SourceVersionDate "2023.05.31"]
[SourceQuality "1"]

1. e4 c5 2. Nf3 d6 3. h3 Nf6 4. Bd3 c4 5. Bxc4 Nxe4 6. 0-0 d5 7. Bb3 e6 8. d3 Nf6 9. Nc3 Nc6 10. Bg5 Be7 11. Re1 0-0 12. Qd2 a6 13. Ne2 b5 14. a4 bxa4 15. Bxa4 Bd7 16. Ng3 Re8 17. d4 h6 18. Bf4 a5 19. c3 Bf8 20. Bc2 Rb8 21. Bxb8 Qxb8 22. Ba4 Bd6 23. Bxc6 Bxc6 24. Ne5 Qc7 25. Nxc6 Qxc6 26. Rxa5 Rb8 27. b4 Rc8 28. Ra3 Nd7 29. Qd3 Nb6 30. Ra6 Qc7 31. Qb5 Qxc3 32. Re3 Qc1+ 33. Kh2 Nc4 34. Qd7 Nxe3 35. Qxc8+ Qxc8 0-1

[Event "Kiev Blitz Marathon"]
[Site "Kiev"]
[Date "2023.04.23"]
[Round "39"]
[White "Kislinsky, Alexey"]
[Black "Budnikov, Oleg"]
[Result "0-1"]
[WhiteElo "2357"]
[BlackElo "2393"]
[PlyCount "70"]
[EventDate "2023.04.22"]
[EventType "tourn (blitz)"]
[EventRounds "54"]
[EventCountry "UKR"]
[SourceTitle "CBM 213 Extra"]
[Source "ChessBase"]
[SourceDate "2023.05.31"]
[SourceVersion "1"]
[SourceVersionDate "2023.05.31"]
[SourceQuality "1"]

1. e4 Nc6 2. Nf3 d6 3. h3 Nf6 4. Nc3 g6 5. d4 Bg7 6. Bg5 0-0 7. Qd2 a6 8. 0-0-0 b5 9. Bd3 e5 10. dxe5 Nxe5 11. Nxe5 dxe5 12. Qe3 Qe7 13. Kb1 c6 14. g4 Qa7 15. Qg3 Nd7 16. h4 Nc5 17. h5 b4 18. Ne2 h6 19. Be3 g5 20. f3 Qe7 21. Bc4 Be6 22. Bxe6 fxe6 23. Rd2 Rad8 24. Rhd1 Rxd2 25. Rxd2 a5 26. Ng1 Nxe4 27. Qg2 Nxd2+ 28. Bxd2 Rd8 29. Bc1 Rd1 30. Ne2 e4 31. fxe4 Qf6 32. c3 Qf1 33. Qh2 bxc3 34. bxc3 Re1 35. Qb8+ Kh7 0-1

[Event "Kiev Blitz Marathon"]
[Site "Kiev"]
[Date "2023.04.22"]
[Round "3"]
[White "Mikhalsky, Vladimir"]
[Black "Budnikov, Oleg"]
[Result "1/2-1/2"]
[WhiteElo "2269"]
[BlackElo "2393"]
[PlyCount "83"]
[EventDate "2023.04.22"]
[EventType "tourn (blitz)"]
[EventRounds "54"]
[EventCountry "UKR"]
[SourceTitle "CBM 213 Extra"]
[Source "ChessBase"]
[SourceDate "2023.05.31"]
[SourceVersion "1"]
[SourceVersionDate "2023.05.31"]
[SourceQuality "1"]

1. d4 d5 2. c4 e6 3. g3 Nf6 4. Bg2 dxc4 5. Qa4+ Nbd7 6. Nf3 a6 7. Qxc4 b5 8. Qc2 Bb7 9. a4 c5 10. 0-0 Rc8 11. axb5 axb5 12. Qb3 Qb6 13. Nc3 b4 14. Na4 Qa7 15. dxc5 Nxc5 16. Qxb4 Nxa4 17. Rxa4 Bxb4 18. Rxa7 Bd5 19. Bd2 Bc5 20. Ra5 Ne4 21. Bf4 0-0 22. Ne5 Rfd8 23. Nd3 Bb6 24. Ra6 Bd4 25. Be5 Bc4 26. Ra4 Bxe5 27. Nxe5 Nd2 28. Nxc4 Nxc4 29. Rb4 g6 30. e3 Ne5 31. Rb1 Rd2 32. Rd4 Rdc2 33. b4 h5 34. b5 Rc1+ 35. Rd1 Rxd1+ 36. Rxd1 Rb8 37. Rb1 Nc4 38. Rb4 Nb6 39. Bc6 Kf8 40. Rg4 Ke7 41. Rd4 Rh8 42. Rd1 1/2-1/2

[Event "Kiev GP Anfield final"]
[Site "Kiev"]
[Date "2023.04.02"]
[Round "11"]
[White "Shishkin, Vadim"]
[Black "Budnikov, Oleg"]
[Result "1-0"]
[WhiteElo "2417"]
[BlackElo "2393"]
[PlyCount "111"]
[EventDate "2023.04.01"]
[EventType "swiss (rapid)"]
[EventRounds "11"]
[EventCountry "UKR"]
[SourceTitle "CBM 213 Extra"]
[Source "ChessBase"]
[SourceDate "2023.05.31"]
[SourceVersion "1"]
[SourceVersionDate "2023.05.31"]
[SourceQuality "1"]

1. d4 d6 2. Nf3 g6 3. c4 Bg7 4. Nc3 e5 5. e4 exd4 6. Nxd4 Ne7 7. h4 Nbc6 8. Be3 f5 9. h5 fxe4 10. hxg6 hxg6 11. Rxh8+ Bxh8 12. Nxe4 Nf5 13. Nxc6 Nxe3 14. Nxd8 Nxd1 15. Rxd1 Kxd8 16. b3 Ke7 17. Bd3 a5 18. Kd2 a4 19. b4 a3 20. Nc3 Kf7 21. Nb5 Ra4 22. Rb1 Bb2 23. Nxc7 Bd7 24. b5 Kf6 25. Nd5+ Ke5 26. Nb6 Rb4 27. Nxd7+ Kd4 28. Kc2 d5 29. c5 Ra4 30. Bxg6 Rc4+ 31. Kd2 Rc3 32. Rh1 Kc4 33. Rh4+ Kxb5 34. Bd3+ Ka5 35. Rh5 Rc1 36. Rxd5 Kb4 37. Bc2 Rg1 38. g3 Ra1 39. Bb3 Rb1 40. Rd6 Bc3+ 41. Ke2 Ka5 42. Rb6 Bb4 43. Rxb7 Bxc5 44. Nxc5 Rb2+ 45. Kd3 Rd2+ 46. Kc4 Rd4+ 47. Kc3 Rc4+ 48. Kd2 Rc2+ 49. Kd3 Rd2+ 50. Ke4 Re2+ 51. Kd4 Rxf2 52. Nd3 Rg2 53. Bc4 Rd2 54. Rd7 Kb6 55. Rd5 Rg2 56. Rg5 1-0

[Event "Kiev GP Anfield final"]
[Site "Kiev"]
[Date "2023.04.01"]
[Round "2"]
[White "Budnikov, Oleg"]
[Black "Starozhilov, Leonid"]
[Result "1/2-1/2"]
[WhiteElo "2393"]
[BlackElo "2293"]
[PlyCount "79"]
[EventDate "2023.04.01"]
[EventType "swiss (rapid)"]
[EventRounds "11"]
[EventCountry "UKR"]
[SourceTitle "CBM 213 Extra"]
[Source "ChessBase"]
[SourceDate "2023.05.31"]
[SourceVersion "1"]
[SourceVersionDate "2023.05.31"]
[SourceQuality "1"]

1. e4 c5 2. Nf3 e6 3. c3 Nf6 4. e5 Nd5 5. d4 cxd4 6. Qxd4 Nc6 7. Qe4 d6 8. Nbd2 Nxe5 9. Nxe5 dxe5 10. Qxe5 Qd6 11. Qxd6 Bxd6 12. g3 Bd7 13. Bg2 Bc6 14. 0-0 Rc8 15. Re1 Nf6 16. Nc4 Ke7 17. Nxd6 Kxd6 18. Bf4+ Ke7 19. Bf1 Nd5 20. Be5 f6 21. Bd4 a6 22. c4 Nc7 23. Rad1 Kf7 24. f4 Rhd8 25. Bb6 Rxd1 26. Rxd1 Ne8 27. b3 f5 28. a4 Nf6 29. a5 h6 30. b4 g5 31. b5 axb5 32. cxb5 Bf3 33. Ra1 gxf4 34. gxf4 Nd5 35. Bd4 Nxf4 36. a6 bxa6 37. bxa6 Ne2+ 38. Bxe2 Bxe2 39. a7 Bf3 40. Kf2 1/2-1/2

[Event "Kiev GP Anfield final"]
[Site "Kiev"]
[Date "2023.04.01"]
[Round "3"]
[White "Grebeniuk, Semen"]
[Black "Budnikov, Oleg"]
[Result "0-1"]
[WhiteElo "2315"]
[BlackElo "2393"]
[PlyCount "84"]
[EventDate "2023.04.01"]
[EventType "swiss (rapid)"]
[EventRounds "11"]
[EventCountry "UKR"]
[SourceTitle "CBM 213 Extra"]
[Source "ChessBase"]
[SourceDate "2023.05.31"]
[SourceVersion "1"]
[SourceVersionDate "2023.05.31"]
[SourceQuality "1"]

1. d4 d6 2. Nf3 g6 3. c3 Bg7 4. e4 Nc6 5. Bg5 Nf6 6. Nbd2 0-0 7. Be2 h6 8. Bh4 g5 9. Bg3 Nh5 10. Qc2 e6 11. Nc4 f5 12. exf5 exf5 13. Ng1 Qe8 14. f4 d5 15. Ne5 g4 16. Bd3 Nxe5 17. dxe5 c5 18. 0-0-0 Be6 19. c4 d4 20. Ne2 b5 21. Kb1 Rc8 22. Bh4 Qf7 23. Rc1 Rc7 24. Rhd1 Rb8 25. Ka1 a6 26. h3 gxh3 27. gxh3 Bf8 28. b3 Ra7 29. Rg1+ Kh8 30. Rg2 a5 31. cxb5 a4 32. bxa4 Rba8 33. Bc4 Rxa4 34. Bxe6 Qxe6 35. Ng3 Nxf4 36. Rf2 Nd3 37. Bf6+ Kg8 38. Nxf5 Rxa2+ 39. Qxa2 Rxa2+ 40. Rxa2 Nxc1 41. Rg2+ Kf7 42. Ng7 Qc4 0-1

[Event "Kyiv Spring op"]
[Site "Kiev"]
[Date "2023.03.31"]
[Round "9"]
[White "Budnikov, Oleg"]
[Black "Marchenko, Artem"]
[Result "1/2-1/2"]
[WhiteElo "2393"]
[BlackElo "2264"]
[PlyCount "106"]
[EventDate "2023.03.25"]
[EventType "swiss"]
[EventRounds "9"]
[EventCountry "UKR"]
[SourceTitle "CBM 213 Extra"]
[Source "ChessBase"]
[SourceDate "2023.05.31"]
[SourceVersion "1"]
[SourceVersionDate "2023.05.31"]
[SourceQuality "1"]

1. e4 c5 2. Nf3 g6 3. d4 Bg7 4. dxc5 Qa5+ 5. Nc3 Nf6 6. e5 Ne4 7. Qd4 Nxc3 8. Bd2 Nb5 9. Qf4 Qc7 10. Bxb5 Qxc5 11. Bc4 0-0 12. 0-0 Nc6 13. Rfe1 d6 14. exd6 Qxd6 15. Qh4 Bf5 16. c3 Rad8 17. Bg5 Rd7 18. Bh6 Bxh6 19. Qxh6 Qf6 20. Bb5 Rfd8 21. Nd4 Rd6 22. Bxc6 bxc6 23. Nxf5 Qxf5 24. Rxe7 Rd1+ 25. Re1 Rxa1 26. Rxa1 Qc2 27. Qc1 Qe2 28. b4 Rd2 29. Qe1 Qxe1+ 30. Rxe1 Rxa2 31. g3 Ra3 32. Re3 a5 33. bxa5 Rxa5 34. Kg2 Kf8 35. Kf3 Rd5 36. h4 h5 37. Ke2 Rd6 38. Re4 Rd5 39. Ke3 Rd6 40. Re5 Rd7 41. c4 Rd6 42. Ra5 Re6+ 43. Kd3 Rf6 44. f4 Rd6+ 45. Kc3 Ke7 46. Re5+ Kf6 47. Kb4 Rd3 48. Rg5 Ke6 49. Kc5 Rc3 50. Kd4 Ra3 51. Kc5 Rc3 52. Kb4 Rf3 53. Kc5 Rc3 1/2-1/2

[Event "Kyiv Spring Blitz"]
[Site "Kiev"]
[Date "2023.03.26"]
[Round "1"]
[White "Budnikov, Oleg"]
[Black "Pilchuk, Artem"]
[Result "1-0"]
[WhiteElo "2393"]
[BlackElo "1584"]
[PlyCount "69"]
[EventDate "2023.03.26"]
[EventType "swiss (blitz)"]
[EventRounds "9"]
[EventCountry "UKR"]
[SourceTitle "CBM 213 Extra"]
[Source "ChessBase"]
[SourceDate "2023.05.31"]
[SourceVersion "1"]
[SourceVersionDate "2023.05.31"]
[SourceQuality "1"]

1. e4 e5 2. Nf3 Nc6 3. Bb5 a6 4. Bxc6 dxc6 5. Nc3 f6 6. d4 exd4 7. Nxd4 Ne7 8. Be3 Ng6 9. Qh5 Qe7 10. 0-0-0 Bd7 11. Rhe1 0-0-0 12. f4 Qe8 13. Nb3 Bd6 14. Qf3 h5 15. Qf2 Bg4 16. Rd3 h4 17. a3 Qe7 18. Kb1 Rd7 19. Na5 Qf7 20. g3 h3 21. Bc5 Rhd8 22. Bxd6 Rxd6 23. Rxd6 cxd6 24. Qa7 Qc7 25. Nc4 Kd7 26. Re3 Ke7 27. Rd3 Be6 28. Ne3 Bf7 29. Nf5+ Kf8 30. Qd4 d5 31. exd5 Bxd5 32. Qc5+ Kg8 33. Nxd5 Qb8 34. Nde7+ Nxe7 35. Qxe7 1-0